<?xml version="1.0" encoding="UTF-8"?>
<collection xmlns="http://www.loc.gov/MARC21/slim">
 <record>
  <leader>00565pamaa2200169   4500</leader>
  <controlfield tag="001">0000021380</controlfield>
  <controlfield tag="005">20060605090000.0</controlfield>
  <datafield tag="020" ind1="0" ind2="0">
   <subfield code="a">024553878X (hard) </subfield>
  </datafield>
  <datafield tag="082" ind1=" " ind2=" ">
   <subfield code="a">364.1523 GAU</subfield>
  </datafield>
  <datafield tag="090" ind1="0" ind2="0">
   <subfield code="a">HV6515 </subfield>
   <subfield code="b">GAU 1982</subfield>
  </datafield>
  <datafield tag="100" ind1="1" ind2="0">
   <subfield code="a">GAUTE </subfield>
  </datafield>
  <datafield tag="245" ind1="1" ind2="0">
   <subfield code="a">Murder 'Whatdunit' : </subfield>
   <subfield code="b">an illustrated account of the methods of murder  </subfield>
   <subfield code="c">J.H.H. Gaute and Robin Odell ; with a foreword by Keith Simpson.</subfield>
  </datafield>
  <datafield tag="260" ind1="0" ind2="0">
   <subfield code="a">London: </subfield>
   <subfield code="b">Harrap, </subfield>
   <subfield code="c">1982.</subfield>
  </datafield>
  <datafield tag="300" ind1=" " ind2=" ">
   <subfield code="a">xvi, 247 p. : ill. ; 25 cm.</subfield>
  </datafield>
  <datafield tag="504" ind1="0" ind2="0">
   <subfield code="a">Bibliography: p. 229-238 and index</subfield>
  </datafield>
  <datafield tag="650" ind1="0" ind2="0">
   <subfield code="a">Murder -- </subfield>
   <subfield code="x">Dictionaries </subfield>
  </datafield>
  <datafield tag="700" ind1="1" ind2="1">
   <subfield code="a">Odell, </subfield>
   <subfield code="h">Robin </subfield>
  </datafield>
 </record>
</collection>
